00466nam a2200181Ia 4500003000400000005001700004008004100021040000700062041000900069082001600078100005500094245006400149260002000213300001100233365001000244650001500254650001500269OSt20250915162940.0210719s1979 xx 000 0 und d cAL aTulu aT894.2 TAIK aK. N. Tailordಕೆ.ಎನ್. ಟೇಲರ್ aKasdaye kandanib ಕಾಸ್ ದಾಯೆ ಕಂಡನಿ aMangaluruc1979 a53bPB b3cRs aTulu Drama aTulu Drama